00482nam a2200169Ia 450000500170000000800410001702000170005808200170007510000160009224500170010826000330012530000130015865000210017194200060019295200990019899900150029720240624034026.0240331s9999 xx 000 0 und d a8177200526  bYOUa894.811 aYoung,R.J.C 0aPincaalaniam aputhanathambadaiyalamc2007 a203 p ., apost colonialism cL 001040708LaWERCLbWERCLcSSCd2024-03-31l0o 894.811 YOUp6243r2024-03-31w2024-03-31yL c4706d4706